Districts of Uşak (Uşak'ın ilçeleri). - Statistics

General Stats
  • This quiz has been taken 50 times
  • The average score is 5 of 6
Answer Stats
Population (Nüfus) District (İlçe) % Correct
264.540 Merkez
97%
34.312 Eşme
91%
35.181 Banaz
81%
19.733 Sivaslı
75%
12.024 Ulubey
69%
9.664 Karahallı
66%
No matching quizzes found
Score Distribution
Percent of People with Each Score
Percentile by Number Answered
Your Score History
You have not taken this quiz